Ideas, autores y libros : (Record no. 148748)

MARC details
000 -LEADER
campo de control de longitud fija 00904nam a2200229 4500
001 - NÚMERO DE CONTROL
campo de control 148748
003 - IDENTIFICADOR DE NÚMERO DE CONTROL
campo de control ES-MaACL
005 - FECHA Y HORA DE LA ÚLTIMA TRANSACCIÓN
campo de control 20240228214408.0
007 - CAMPO FIJO DE DESCRIPCIÓN FÍSICA--INFORMACIÓN GENERAL
campo de control de longitud fija t|
008 - DATOS DE LONGITUD FIJA--INFORMACIÓN GENERAL
campo de control de longitud fija 070214s1921 sp r ||||1| spa d
100 1# - ENTRADA PRINCIPAL--NOMBRE DE PERSONA
Nombre de persona Suárez, Constantino.
9 (RLIN) 108549
245 10 - MENCIÓN DEL TÍTULO
Título Ideas, autores y libros :
Resto del título ecos del 98 ; España y el desastre europeo ; Espejismos políticos y sociales ; Cosas hispano-americanas : disquisiciones entretenidas /
Mención de responsabilidad, etc. por Constantino Suárez (Españolito) [seud.].
246 3# - FORMA VARIANTE DEL TITULO
Título propio/Titulo breve España y el desastre europeo
246 3# - FORMA VARIANTE DEL TITULO
Título propio/Titulo breve Espejismos políticos y sociales
246 3# - FORMA VARIANTE DEL TITULO
Título propio/Titulo breve Cosas hispano-americanas :
Resto del título disquisiciones entretenidas
260 ## - PUBLICACIÓN, DISTRIBUCIÓN, ETC.
Lugar de publicación, distribución, etc. Barcelona :
Nombre del editor, distribuidor, etc. B. Bauzá,
Fecha de publicación, distribución, etc. 1921.
300 ## - DESCRIPCIÓN FÍSICA
Extensión 293 p. ;
Dimensiones 19 x 12 cm.
650 #4 - PUNTO DE ACCESO ADICIONAL DE MATERIA--TÉRMINO DE MATERIA
Término de materia o nombre geográfico como elemento de entrada Generación del 98 (Literatura)
9 (RLIN) 13051
651 #4 - PUNTO DE ACCESO ADICIONAL DE MATERIA--NOMBRE GEOGRÁFICO
Nombre geográfico España-
Subdivisión general Historia-
Subdivisión cronológica 1898
9 (RLIN) 8272
852 ## - LOCALIZACIÓN
Ubicación ES-MaACL
Número de control de estantería F-2932
Holdings
Estatus retirado Estado de pérdida Estado de daño No para préstamo Biblioteca de origen Biblioteca actual Ubicación en estantería Fecha de adquisición Fuente de adquisición Total de préstamos Signatura topográfica completa Código de barras Visto por última vez Precio de reemplazo Tipo de ítem Koha
        Biblioteca del Ateneo de Madrid Biblioteca del Ateneo de Madrid Depósito 2 17/01/2008     F-2932 1155228 23/02/2023 23/02/2023 Libro impreso